Teoría de la imagen /

Texto en torno al papel que juegan los medios de comunicación en la apropiación por parte del público receptor, de la imagen por ellos difundida. La obra está estructurada siguiendo las ideas del afamado Marshall McLuhan, teórico canadiense de la comunicación que en los tempranos años 70 habló de la...

Täydet tiedot

Tallennettuna:
Bibliografiset tiedot
Päätekijä: Casasús, José María (autor)
Muut tekijät: McLuhan, Marshall (autor) (autor), Salvat, Manuel (dirección) (dirección), Marco, Joaquín (dirección editorial) (dirección editorial)
Aineistotyyppi: Kirja
Kieli:espanja
Julkaistu: Barcelona, España : Salvat, 1975, c1973
Sarja:(Biblioteca Salvat de Grandes Temas ; 29)
Aiheet:
Tagit: Lisää tagi
Ei tageja, Lisää ensimmäinen tagi!

MARC

LEADER 00000nam^a2200000^a^4500
001 000151885
005 20250521000000.0
009 20260310100224.863
020 |a 84-345-7387-3 
020 |a 84-345-7358-X 
037 |a Acervo ITESO - Biblioteca 
041 |a ESP 
082 |a 086. 1  |b SAL V. 29 
100 |a Casasús, José María  |e (autor) 
240 1 1 |a [Biblioteca Salvat de grandes temas] 
245 1 0 |a Teoría de la imagen /  |c J.M. Casasús, M. McLuhan ; dir. de M. Salvat ; dir. editorial de J. Marco. 
264 4 |a Barcelona, España :  |b Salvat,  |c 1975, c1973 
300 |a 142 p. 
336 |a texto  |b txt  |2 rdacontenido 
337 |a sin mediación  |b n  |2 rdamedio 
338 |a volumen  |b nc  |2 rdasoporte 
440 1 |a (Biblioteca Salvat de Grandes Temas ;  |v 29) 
520 |a Texto en torno al papel que juegan los medios de comunicación en la apropiación por parte del público receptor, de la imagen por ellos difundida. La obra está estructurada siguiendo las ideas del afamado Marshall McLuhan, teórico canadiense de la comunicación que en los tempranos años 70 habló de la globalización y de la manera como la comunicación masiva estaba transformando a la sociedad contemporánea. 
649 |a XX 
650 |a Comunicólogos y Comunicadores Canadienses -  |x Entrevistas 
650 |a Imagen -  |x Teoría -  |x Tema Principal 
650 |a Mensaje -  |x Teoría 
650 |a Recepción y Apropiación de la Comunicación -  |x Teoría 
650 |a Medios Audiovisuales -  |x Teoría 
650 |a Medios de Comunicación -  |x Teoría 
650 |a Comunicación Masiva -  |x Teoría 
650 |a Sociología de la Comunicación 
650 |a McLuhan, Marshall 
700 |a McLuhan, Marshall  |e (autor) 
700 |a Salvat, Manuel  |e (dirección) 
700 |a Marco, Joaquín  |e (dirección editorial) 
910 |a Fondo General 
920 |a Impresos - Libros 
930 |a Obras de Referencia 
905 |a 102 
901 |a 0500079646  |b IT2  |c REF  |u 20250521 
901 |a 0500079643  |b IT2  |c REF  |u 20250521 
902 |a https://opac.biblio.iteso.mx/vufind/Record/000151885